|
|
|
|
| LEADER |
00000nab a2200000 a 4500 |
| 001 |
vtls001503121 |
| 003 |
SK-MaSNL |
| 005 |
20260304234230.0 |
| 008 |
250505s1997 xo 000 0 slo |
| 015 |
|
|
|a SNBRB
|
| 035 |
|
|
|a SPKCL5448
|
| 035 |
|
|
|a urn:nbn:sk:snk-ab9txg
|
| 035 |
|
|
|a (urnnbn)urn:nbn:sk:snk:ar-a08uvl
|
| 035 |
|
|
|a (uuid)503b3ae1-98ea-4121-8f50-71282912acf6
|
| 040 |
|
|
|a SNKBUCL
|b slo
|c SNKBUCL
|e AACR2
|
| 041 |
0 |
|
|a slo
|
| 044 |
|
|
|a xo
|c SK
|
| 080 |
|
|
|a 371.48:159.954:37.026.9
|2 1981
|
| 100 |
1 |
|
|a Hrubišková, Helena,
|d 1956-
|4 aut
|9 196522
|
| 245 |
1 |
0 |
|a Alternatívne školy a úroveň tvorivosti žiakov
|c Helena Hrubišková
|
| 650 |
0 |
7 |
|a alternatívne školy
|2 SNKPH
|9 68008
|
| 650 |
0 |
7 |
|a kreativita
|2 SNKPH
|9 4339
|
| 650 |
0 |
7 |
|a longitudinálny výskum
|2 SNKPH
|9 1290779
|
| 773 |
0 |
|
|t Technológia vzdelávania
|g Roč. 5, č. 8 (1997), s. 8-9
|
| 850 |
|
|
|a Slovenská národná knižnica
|
| 852 |
|
|
|a Slovenská národná knižnica
|
| 954 |
|
|
|a odborná, vedecká literatúra pôvodná (slovenská)
|2 lita
|
| 958 |
|
|
|a article13
|
| 958 |
|
|
|a OND
|
| 958 |
|
|
|a EUIPO
|
| 999 |
|
|
|c 3202811
|d 3204741
|